000 00469nam a2200145Ia 4500
008 170224s9999 xx 000 0 und d
100 _aRobyn Ann Cameron
245 _aImproving Ethical Attitudes or Simply Teaching Ethical Codes? The Reality of Accounting Ethics Education
245 _cRobyn Ann Cameron & Conor O'Leary
260 _bAccounting Education
260 _c2015
300 _a24:4, Pages: 275-290
650 _xAccountancy
650 _xAccounting
999 _c316142
_d316142